Chanteur A à O (Impossible) - Statistiques

Statistiques générales
  • Ce quiz a été pris 75 fois
  • Le résultat moyen est 11 sur 15
Statistiques - réponses
Hint Réponse % Correct
Elle chante "Back to Black" Amy Winehouse
95%
Il chante "Billie jean" Michael Jackson
94%
Elle chante "I Will Survive" Gloria Gaynor
89%
Elle chante "No lie" Dua Lipa
85%
Il chante "Asv It Was" Harry Styles
83%
Il chante "Let It Be" John Lennon
83%
Il chante "Without me" Eminem
82%
Il chante "New York, New York" Frank Sinatra
80%
Il chante "Smell like teen spirit" Kurt Cobain
80%
Il chante "Is this love" Bob Marley
76%
Il chante "Check Yo Self" Ice cube
61%
Il chante "Ace of Spades" Lemmy kilminster
58%
Il chante "Paranoid" Ozzy Osbourne
55%
Il chante "In the End" Chester Bennington
53%
Il chante "Blow Your Trumpets Gabriel" Nergal
42%
Aucun quiz correspondant
Distribution des résultats
% des personnes avec chaque résultat
Percentile par nombre de réponses
Votre historique - résultats
Vous n’avez pas pris ce quiz